Rejestracje, które są słowami - Statystyki

Ogólne statystyki
  • Ten quiz został rozwiązany 52 razy
    43 od ostatniego zresetowania
  • Średni wynik to 16 z 40
Statystyki odpowiedzi
Wskazówka Rejestracja % Poprawnych
Potoczne potwierdzenie NO
86%
Odgłos wydawany przez kaczki KWA
83%
Angielskie słowo oznaczające "płakać" CRY
80%
Mała Elżbieta ELA
80%
Rzeka w Afryce NIL
80%
Przedmiot szkolny dotyczący kwestii obywatelskich WOS
80%
Narząd na twarzy NOS
77%
Osoba zajmująca się miksowaniem muzyki na żywo DJ
71%
Dryfujący lód KRA
71%
Zaimek stosowany do określenia kobiety ONA
71%
Budowniczy arki NOE
69%
Jednostka miary w USA CAL
60%
Rodzaj krótkiej koszulki TOP
54%
Potwierdzenie zapożyczone z j. angielskiego OK
51%
Przyimek porządkujący w czasie PO
51%
Gatunek ptaka z rodziny drozdowatych KOS
40%
Spójnik oznaczający alternatywę LUB
40%
Olsztyn
34%
Jelenia Góra
29%
powiat iławski
29%
powiat krakowski
29%
powiat łaski
23%
powiat olecki
23%
Poznań
23%
powiat namysłowski
20%
powiat ostrołęcki
20%
powiat rypiński
20%
powiat wadowicki
20%
Przedrostek oznaczający dwojaką naturę czegoś BI
17%
Nagranie muzyczne, które zawiera więcej utworów niż singel, ale mniej niż album EP
17%
powiat aleksandrowski
17%
powiat kędzierzyńsko-kozielski
17%
powiat ostródzki
17%
powiat lubelski
14%
Piotrków Trybunalski
11%
powiat opatowski
11%
powiat oświęcimski
9%
Białystok
6%
Jednostka geochromatyczna ERA
0%
powiat radomszczański
0%
Nie znaleziono quizów pasujących do podanych kryteriów
Rozkład punktacji
Procent ludzi z każdym wynikiem
Percentyl według liczby udzielonych odpowiedzi
Twoja historia wyników
Nie rozwiązałeś tego quizu od ostatniego zresetowania